| 000 | 00631nam a2200217 a 4500 | ||
|---|---|---|---|
| 999 |
_c1246 _d1246 |
||
| 001 | 1246 | ||
| 003 | BD-JhCC | ||
| 005 | 20220512134022.0 | ||
| 008 | 171017s1964 bg |||| ||a| 000 0 ben d | ||
| 035 | _a(BD-JhCC) 1246 | ||
| 040 |
_aBD-JhCC _dBD-JhCC |
||
| 041 | _aben | ||
| 082 |
_a891.443 _bRAY 1964 |
||
| 100 | _aরায়হান, জহির | ||
| 245 |
_aহাজার বছর ধরে / _cজহির রায়হান |
||
| 260 |
_aঢাকা: _bসন্ধানী প্রকাশনী, _c1964 |
||
| 300 |
_a116 p .: _c22 cm . |
||
| 650 | _aBengali Novel | ||
| 942 |
_2ddc _cBK _07 |
||